Príspevok k meraniu zloženia prúdu dvojfázovej disperznej tekutiny vzduch-voda. /

Enregistré dans:
Détails bibliographiques
Auteur principal: Capko, Dušan (Auteur)
Format: Manuscrit Livre
Publié: Bratislava : SVŠT v Bratislave SjF, 1981
Tags: Ajouter un tag
Pas de tags, Soyez le premier à ajouter un tag!

MARC

LEADER 00000ntm a22000003a 4500
001 stu47748
005 20150617225711.5
008 ------s1981----cs----------------------d
040 |a STU  |b slo 
041 0
044 |a cs 
080 |a 532.529 
080 |a 536.62  |7 stu_us_auth*stu5369 
080 |a 621.039.524.44 
100 1 |a Capko, Dušan  |4 aut 
245 1 |a Príspevok k meraniu zloženia prúdu dvojfázovej disperznej tekutiny vzduch-voda. /  |c [aut.] Capko,Dušan 
260 |a Bratislava :  |b SVŠT v Bratislave SjF,  |c 1981 
300 |a 216 s 
996 |b J65286  |c J*65286/DIZ.  |l JJSK  |s A  |a 24  |w stu47748_0001